| 000 | 00632cam a2200193u 4500 | ||
|---|---|---|---|
| 001 | 000013858 | ||
| 003 | DO-SdBNP | ||
| 005 | 20250707113359.0 | ||
| 008 | 840814s1945 mx 000 0 spa | ||
| 010 | _a47015214 | ||
| 040 |
_aDO-SdBNP _bspa _cBNPHU |
||
| 100 | 1 |
_aKeynes, John Maynard, _d1883-1946. _931388 |
|
| 240 | 1 | 0 | _aGeneral theory of employment, interest and money. |
| 245 | 1 | 0 | _aTeoria general de la ocupacion, el interes y el dinero;. |
| 260 |
_aMexico, : _bFondo de cultura economica, _c[1945]. |
||
| 700 | 1 |
_aHornedo, Eduardo, [from old catalog] _etr. _931391 |
|
| 910 | _aCatalogación derivada | ||
| 942 |
_2ddc _cLBS1 |
||
| 999 |
_c13468 _d13468 |
||